Statystyki dla Najlepsze polskie uczelnie wyższe wg rankingu Perspektywy

Kliknij tutaj aby rozwiązać quiz!

Ogólne statystyki

  • Ten quiz został rozwiązany 651 razy
  • Średni wynik to 4 z 10

Statystyki odpowiedzi

LokataUczelnia% Poprawnych
1Uniwesryetet Warszawski
74%
2Uniwersyetet Jagielloński
73%
4Politechnika Warszawska
72%
6Akademia Górniczo-Hutnicza im. Stanisława Staszica w Krakowie
49%
5Politechnika Wrocławska
49%
7Uniwersytet Wrocławski
38%
3Uniwersytet im. Adama Mickiewicza w Poznaniu
28%
10Uniwersytet Mikołaja Kopernika w Toruniu
15%
8Warszawski Uniwersytet Medyczny
12%
9Gdański Uniwersytet Medyczny
5%

Rozkład punktacji

Percentyl według liczby udzielonych odpowiedzi

Procent ludzi z każdym wynikiem

Twoja historia wyników

Nie rozwiązałeś tego quizu